[Event "OGD Prinsenstad-toernooi - A groep"]
[Site "Delft"]
[Date "2014.04.19"]
[Round "3.12"]
[White "Barendse, Ted"]
[Black "Polak, Alexander"]
[Result "0-1"]
[WhiteElo "2151"]
[BlackElo "2004"]
[PlyCount "112"]
[EventDate "2014.04.18"]
[EventType "swiss"]
[EventRounds "6"]
[EventCountry "NED"]
[Source "DSC"]
[SourceDate "2014.04.23"]

1. e4 c6 2. d4 d5 3. Nd2 dxe4 4. Nxe4 Bf5 5. Ng3 Bg6 6. Nf3 Nd7 7. h4 h6 8. h5
Bh7 9. Bd3 Bxd3 10. Qxd3 e6 11. Bd2 Ngf6 12. O-O-O Be7 13. Qe2 O-O 14. Ne5 Bd6
15. f4 Qc7 16. Rhe1 c5 17. dxc5 Nxc5 18. Kb1 Rfd8 19. c4 Na4 20. Rc1 Bc5 21.
Be3 Bd4 22. Bxd4 Rxd4 23. Qc2 Qa5 24. Red1 Rxf4 25. Nd7 Nxd7 26. Rxd7 Nc5 27.
Rd2 Rxc4 28. Qxc4 Qxd2 29. Ne4 Nxe4 30. Qxe4 Qd7 31. a3 Rd8 32. Ka1 Rc8 33. Rf1
Rc5 34. g4 Qc6 35. Qf4 Qc7 36. Qe3 b6 37. Rd1 Qe7 38. Qe4 Rc8 39. Qa4 Rd8 40.
Rc1 e5 41. Re1 Rd6 42. Qe4 a5 43. Qa8+ Rd8 44. Qc6 Qf6 45. Qb5 Qe6 46. Rc1 e4
47. Re1 e3 48. g5 e2 49. Qxe2 Qxe2 50. Rxe2 hxg5 51. Re5 f6 52. Re7 g4 53. Kb1
f5 54. Kc2 f4 55. Re4 f3 56. Rxg4 f2 0-1

[Event "OGD Prinsenstad-toernooi - A groep"]
[Site "Delft"]
[Date "2014.04.19"]
[Round "4.1"]
[White "Sergeev, Vladimir"]
[Black "Van den Doel, Erik"]
[Result "1/2-1/2"]
[WhiteElo "2457"]
[BlackElo "2560"]
[PlyCount "188"]
[EventDate "2014.04.18"]
[EventType "swiss"]
[EventRounds "6"]
[EventCountry "NED"]
[Source "DSC"]
[SourceDate "2014.04.23"]

1. d4 d5 2. Nf3 e6 3. Bf4 c5 4. e3 Nc6 5. c3 Nf6 6. Nbd2 Bd6 7. Bg3 O-O 8. Bd3
b6 9. Qe2 Bb7 10. Rd1 Qe7 11. e4 dxe4 12. Nxe4 Nxe4 13. Bxe4 Rad8 14. dxc5 Bxc5
15. O-O h6 16. b4 Bd6 17. Bh4 g5 18. Bg3 Bxg3 19. hxg3 Rxd1 20. Rxd1 Rd8 21. a3
Rxd1+ 22. Qxd1 Qc7 23. Qe2 Qd6 24. g4 Qf4 25. Nd2 Kg7 26. g3 Qe5 27. Qd3 Qc7
28. Nf3 Ne7 29. Qd4+ Kg8 30. Bxb7 Qxb7 31. Qd8+ Kg7 32. Ne5 Nc6 33. Nxc6 Qxc6
34. Qd4+ f6 35. c4 Kf7 36. Qd3 Kg7 37. b5 Qc7 38. Qd4 Qe7 39. a4 e5 40. Qd5 Qb4
41. Qd7+ Kg6 42. Qe8+ Kg7 43. Qd7+ Kg6 44. Qc8 Kg7 45. Qb7+ Kg6 46. Qe4+ Kf7
47. Qb7+ Kg6 48. Qxa7 Qe1+ 49. Kg2 Qe4+ 50. Kh2 Qd4 51. Kg1 e4 52. Qa8 Qxc4 53.
a5 bxa5 54. b6 e3 55. Qe8+ Kg7 56. Qxe3 Qb4 57. Qd3 Qxb6 58. Qd7+ Kf8 59. Kg2
Qb8 60. Qc6 Qd8 61. Kh2 Ke7 62. Kg2 Qd6 63. Qe4+ Qe6 64. Qa8 Qb6 65. Qd5 Qc7
66. Kg1 Qc1+ 67. Kg2 Qc3 68. Kg1 Qb4 69. Qf5 a4 70. Qh7+ Kd6 71. Qxh6 Qe1+ 72.
Kg2 Qe4+ 73. Kg1 Qe1+ 74. Kg2 Qe7 75. Qg6 Qe6 76. Kg1 Kc5 77. Qd3 Qe1+ 78. Kg2
Qe5 79. Kg1 Qd4 80. Qc2+ Kb4 81. Qb1+ Kc5 82. Qc2+ Kd6 83. Qe2 Kc5 84. Qc2+ Kb4
85. Qb1+ Ka3 86. Qc1+ Qb2 87. Qc4 Qe5 88. Kh2 Qb2 89. Kg2 Qb7+ 90. Kg1 Qf3 91.
Qc1+ Kb3 92. Qb1+ Kc4 93. Qc2+ Kb4 94. Qb2+ Kc4 1/2-1/2

[Event "OGD Prinsenstad-toernooi - A groep"]
[Site "Delft"]
[Date "2014.04.19"]
[Round "4.2"]
[White "Ikonnikov, Vyacheslav"]
[Black "Khenkin, Igor"]
[Result "1/2-1/2"]
[WhiteElo "2570"]
[BlackElo "2574"]
[PlyCount "54"]
[EventDate "2014.04.18"]
[EventType "swiss"]
[EventRounds "6"]
[EventCountry "NED"]
[Source "DSC"]
[SourceDate "2014.04.23"]

1. d4 d5 2. Nf3 c6 3. c4 dxc4 4. a4 e6 5. e3 b5 6. b3 Bb4+ 7. Bd2 Bxd2+ 8.
Nfxd2 cxb3 9. axb5 b2 10. Ra2 Ne7 11. Rxb2 O-O 12. Be2 cxb5 13. Rxb5 Ba6 14.
Rxb8 Rxb8 15. Bxa6 e5 16. dxe5 Qa5 17. Be2 Rfd8 18. O-O Rxb1 19. Qxb1 Rxd2 20.
Qb7 Ng6 21. e6 fxe6 22. Bc4 Nf8 23. g3 Qb6 24. Qxb6 axb6 25. Rb1 Rd6 26. f4 Kf7
27. Kf2 Ke7 1/2-1/2

[Event "OGD Prinsenstad-toernooi - A groep"]
[Site "Delft"]
[Date "2014.04.19"]
[Round "4.3"]
[White "Reinderman, Dimitri"]
[Black "Danin, Alexandre"]
[Result "1/2-1/2"]
[WhiteElo "2590"]
[BlackElo "2595"]
[PlyCount "102"]
[EventDate "2014.04.18"]
[EventType "swiss"]
[EventRounds "6"]
[EventCountry "NED"]
[Source "DSC"]
[SourceDate "2014.04.23"]

1. c4 c6 2. Nf3 d5 3. d4 Nf6 4. Nc3 dxc4 5. g3 g6 6. Bg2 Bg7 7. O-O O-O 8. Ne5
Be6 9. f4 Nfd7 10. Nf3 Bg4 11. h3 Bxf3 12. Bxf3 Nb6 13. Be3 Qd7 14. Kh2 Rd8 15.
Qc2 Na6 16. Rad1 e6 17. Bf2 Qe7 18. a3 c5 19. dxc5 Nxc5 20. Bxc5 Qxc5 21. Bxb7
Rab8 22. Bg2 Qa5 23. Rf3 Rxd1 24. Nxd1 Rd8 25. Nc3 Qc5 26. e4 Bxc3 27. Rxc3 Rd4
28. Qe2 Qd6 29. Rc2 Rd3 30. e5 Qd7 31. h4 h5 32. Qf2 Kg7 33. Be4 Rd4 34. Qe3
Rd1 35. Kh3 Rd4 36. Kh2 Qd8 37. Kh3 Na4 38. Bc6 Nb6 39. Be4 Nd5 40. Qe2 Rd3 41.
Qf2 Ne3 42. Re2 Ng4 43. Qxa7 Rd2 44. Bf3 Rxe2 45. Bxe2 Qd2 46. Bxg4 hxg4+ 47.
Kxg4 Qe2+ 48. Kh3 Qf1+ 49. Kh2 Qe2+ 50. Kh3 Qf1+ 51. Kh2 Qe2+ 1/2-1/2

[Event "OGD Prinsenstad-toernooi - A groep"]
[Site "Delft"]
[Date "2014.04.19"]
[Round "4.4"]
[White "Legemaat, Gert"]
[Black "Admiraal, Miguoel"]
[Result "0-1"]
[WhiteElo "2173"]
[BlackElo "2309"]
[PlyCount "110"]
[EventDate "2014.04.18"]
[EventType "swiss"]
[EventRounds "6"]
[EventCountry "NED"]
[Source "DSC"]
[SourceDate "2014.04.23"]

1. e4 c5 2. Nc3 a6 3. Bc4 e6 4. a3 Nc6 5. d3 Nf6 6. Ba2 Be7 7. f4 d5 8. e5 Nd7
9. Nf3 O-O 10. O-O b5 11. Ne2 Nb6 12. c3 d4 13. cxd4 cxd4 14. Ng3 Nd5 15. Ne4
Bb7 16. Qe1 b4 17. Qg3 Kh8 18. Qh3 bxa3 19. bxa3 Nc3 20. Nfg5 h6 21. Qh5 Nxa2
22. Rxa2 Kg8 23. Nf3 Qd5 24. Re2 f5 25. Ng3 Qd7 26. Qg6 Bd8 27. Rb2 Qf7 28.
Qxf7+ Rxf7 29. Bd2 Rc8 30. Rfb1 Ba8 31. Ne2 Rd7 32. Kf2 Kf7 33. h4 Be7 34. Rb3
Bc5 35. h5 Ba7 36. Ne1 Ne7 37. Bb4 Nd5 38. Bd6 Ne3 39. R3b2 Bd5 40. Nf3 a5 41.
Kg3 g6 42. hxg6+ Kxg6 43. Nexd4 Kf7 44. Kh3 Bxd4 45. Nxd4 Rc3 46. Rb8 Rxd3 47.
Rf8+ Kg7 48. Rbb8 Rxd4 49. Rg8+ Kh7 50. Rh8+ Kg6 51. Bf8 Ng4 52. a4 Rd3+ 53.
Kh4 Bxg2 54. Rg8+ Kh7 55. Rxg4 Rh3# 0-1

[Event "OGD Prinsenstad-toernooi - A groep"]
[Site "Delft"]
[Date "2014.04.19"]
[Round "4.5"]
[White "Van der Auweraert, Elwin"]
[Black "Haver, Daan"]
[Result "0-1"]
[WhiteElo "2281"]
[BlackElo "2125"]
[PlyCount "66"]
[EventDate "2014.04.18"]
[EventType "swiss"]
[EventRounds "6"]
[EventCountry "NED"]
[Source "DSC"]
[SourceDate "2014.04.23"]

1. b3 d5 2. Bb2 Nf6 3. Nf3 c5 4. e3 Nc6 5. Bb5 Bg4 6. h3 Bh5 7. g4 Bg6 8. Ne5
Qb6 9. Bxc6+ bxc6 10. d3 Nd7 11. Nxd7 Kxd7 12. f4 f6 13. Qf3 e6 14. Nd2 Be7 15.
f5 Bf7 16. fxe6+ Bxe6 17. O-O-O Rae8 18. Rde1 Rhf8 19. Qg3 a5 20. a4 Qb4 21.
Rhf1 Bd6 22. Qg2 c4 23. dxc4 dxc4 24. c3 Qb6 25. bxc4 Rb8 26. Ne4 Be5 27. Qc2
Bxc4 28. Rf2 Kc7 29. Ba3 Rfd8 30. Bc5 Qa6 31. Rd2 Bd3 32. Qa2 Qc4 33. Qxc4 Rb1#
0-1

[Event "OGD Prinsenstad-toernooi - A groep"]
[Site "Delft"]
[Date "2014.04.19"]
[Round "4.6"]
[White "Slingerland, Fred"]
[Black "Kazarian, Anna-Maja"]
[Result "1-0"]
[WhiteElo "2331"]
[BlackElo "2058"]
[PlyCount "145"]
[EventDate "2014.04.18"]
[EventType "swiss"]
[EventRounds "6"]
[EventCountry "NED"]
[Source "DSC"]
[SourceDate "2014.04.23"]

1. e4 e6 2. d4 d5 3. Nc3 Nf6 4. Bg5 dxe4 5. Nxe4 Nbd7 6. Nf3 Be7 7. Nxf6+ Bxf6
8. Bxf6 Qxf6 9. Bd3 c5 10. c3 cxd4 11. Nxd4 O-O 12. O-O e5 13. Nb3 Nb6 14. Qc2
h6 15. Bh7+ Kh8 16. Be4 Qe7 17. g3 f5 18. Bg2 Be6 19. Rad1 Rad8 20. Na5 Bd5 21.
Bxd5 Nxd5 22. Rfe1 f4 23. Nc4 fxg3 24. hxg3 e4 25. Rxe4 Qg5 26. Ne5 Qf5 27.
Rde1 Nf6 28. R4e2 Qxc2 29. Rxc2 Kg8 30. Rce2 Rfe8 31. Kg2 Nd7 32. Nxd7 Rxe2 33.
Rxe2 Rxd7 34. Re8+ Kf7 35. Rb8 Ke6 36. Kf3 Kd5 37. b3 Rf7+ 38. Ke3 Re7+ 39. Kd3
Rf7 40. f4 g5 41. Rd8+ Ke6 42. Ke4 gxf4 43. gxf4 Rh7 44. f5+ Ke7 45. Rd3 h5 46.
Ke5 Rh6 47. Kf4 Rh8 48. Ke5 Rh6 49. Re3 h4 50. Kf4+ Kf7 51. Kg5 Rh8 52. Rh3
Rg8+ 53. Kxh4 Kf6 54. Rg3 Re8 55. Kg4 Re4+ 56. Kf3 Re5 57. Rg6+ Kxf5 58. Rg7
Ra5 59. Rxb7 Rxa2 60. Ke3 Ke5 61. Kd3 Kd5 62. c4+ Kc6 63. Rh7 Kb6 64. Rh6+ Kb7
65. b4 Rg2 66. b5 Ra2 67. Kd4 a6 68. Rxa6 Rxa6 69. bxa6+ Kxa6 70. Kd5 Kb7 71.
Kd6 Kc8 72. Kc6 Kb8 73. Kd7 1-0

[Event "OGD Prinsenstad-toernooi - A groep"]
[Site "Delft"]
[Date "2014.04.19"]
[Round "4.7"]
[White "Warmerdam, Max"]
[Black "Schroer, Marcel"]
[Result "1-0"]
[WhiteElo "2110"]
[BlackElo "2170"]
[PlyCount "77"]
[EventDate "2014.04.18"]
[EventType "swiss"]
[EventRounds "6"]
[EventCountry "NED"]
[Source "DSC"]
[SourceDate "2014.04.23"]

1. e4 c5 2. Nf3 d6 3. d4 cxd4 4. Nxd4 Nf6 5. Nc3 a6 6. Be3 e5 7. Nb3 Be7 8. f3
O-O 9. Qd2 Be6 10. O-O-O a5 11. Bb5 Na6 12. g4 Nc7 13. Qe2 Nxb5 14. Qxb5 Qc8
15. g5 Bc4 16. gxf6 Bxb5 17. fxe7 Re8 18. Nxb5 Rxe7 19. Nxd6 Qc6 20. Nf5 Rc7
21. Rd2 a4 22. Rhd1 h6 23. Nc5 a3 24. b3 b6 25. Rd6 Qb5 26. Nd3 Rb8 27. Rg1 g6
28. Nxh6+ Kf8 29. Ng4 Qa5 30. Bh6+ Ke7 31. Bd2 Qa7 32. Bb4 Rc5 33. Rd5 Rbc8 34.
Ngxe5 Ke8 35. Bxc5 bxc5 36. c4 Qe7 37. Rd7 Qh4 38. Rxf7 g5 39. Rf8+ 1-0

[Event "OGD Prinsenstad-toernooi - A groep"]
[Site "Delft"]
[Date "2014.04.19"]
[Round "4.8"]
[White "Groffen, Hans"]
[Black "Oosterom, Erik"]
[Result "1-0"]
[WhiteElo "2165"]
[BlackElo "2061"]
[PlyCount "109"]
[EventDate "2014.04.18"]
[EventType "swiss"]
[EventRounds "6"]
[EventCountry "NED"]
[Source "DSC"]
[SourceDate "2014.04.23"]

1. d4 d5 2. c4 c6 3. Nf3 Nf6 4. Nc3 dxc4 5. a4 Bf5 6. Ne5 Nbd7 7. Nxc4 Qc7 8.
g3 e5 9. dxe5 Nxe5 10. Bf4 Nfd7 11. Bg2 g5 12. Ne3 gxf4 13. Nxf5 O-O-O 14. O-O
Bc5 15. Qc2 fxg3 16. hxg3 Kb8 17. Ne4 Bb4 18. Rfd1 a5 19. Rac1 h5 20. Ned6 Nb6
21. Nb5 Rxd1+ 22. Qxd1 Qd7 23. Qxd7 Nexd7 24. Nbd6 Nc5 25. Bf3 Ncxa4 26. Nxf7
Rf8 27. Bxh5 Nxb2 28. g4 Nd5 29. Ne5 Kc7 30. Bf7 Nf4 31. Rc2 Na4 32. e3 Nh3+
33. Kg2 Ng5 34. Bd5 Nc3 35. Nf3 Nxf3 36. Bxf3 a4 37. Nd4 Kb6 38. Ne2 Nxe2 39.
Bxe2 Kc7 40. g5 Kd6 41. f4 b5 42. Kf3 Ba5 43. Ra2 Bb6 44. e4 Ra8 45. Bd1 Ke6
46. e5 Rd8 47. Bc2 Bd4 48. Ke4 c5 49. f5+ Ke7 50. g6 Rh8 51. Bd3 Rh4+ 52. Kd5
c4 53. f6+ Kd7 54. Bf5+ Kc7 55. g7 1-0

[Event "OGD Prinsenstad-toernooi - A groep"]
[Site "Delft"]
[Date "2014.04.19"]
[Round "4.9"]
[White "Van Oosterom, Chiel"]
[Black "Cebula, Jerzy"]
[Result "1-0"]
[WhiteElo "2369"]
[BlackElo "2040"]
[PlyCount "69"]
[EventDate "2014.04.18"]
[EventType "swiss"]
[EventRounds "6"]
[EventCountry "NED"]
[Source "DSC"]
[SourceDate "2014.04.23"]

1. e4 e5 2. Nf3 Nc6 3. Bb5 Nd4 4. Nxd4 exd4 5. Qe2 c6 6. Bc4 d6 7. c3 b5 8. Bb3
Qb6 9. cxd4 Qxd4 10. d3 Nf6 11. Be3 Qb4+ 12. Nd2 Be7 13. a3 Qa5 14. h3 O-O 15.
O-O Be6 16. Bxe6 fxe6 17. Nf3 Nd7 18. Nd4 Bf6 19. Nxc6 Qa4 20. Rac1 Rfc8 21. d4
a5 22. Qg4 Re8 23. Rfd1 b4 24. axb4 axb4 25. Qg3 e5 26. d5 Qb3 27. Qg4 Nf8 28.
Bd2 Qxb2 29. Bxb4 Ra2 30. Rf1 Ng6 31. g3 Rf8 32. Bxd6 Rf7 33. Rb1 Qc2 34. Rb8+
Nf8 35. Bxf8 1-0

[Event "OGD Prinsenstad-toernooi - A groep"]
[Site "Delft"]
[Date "2014.04.19"]
[Round "4.10"]
[White "Haver, Bas"]
[Black "Vereggen, Lars"]
[Result "0-1"]
[WhiteElo "2112"]
[BlackElo "2265"]
[PlyCount "56"]
[EventDate "2014.04.18"]
[EventType "swiss"]
[EventRounds "6"]
[EventCountry "NED"]
[Source "DSC"]
[SourceDate "2014.04.23"]

1. e4 c5 2. Nf3 d6 3. d4 cxd4 4. Nxd4 Nf6 5. Nc3 Nc6 6. Bc4 e5 7. Nde2 h6 8. h3
Be7 9. Be3 a6 10. Nd5 Nxd5 11. exd5 Nb8 12. a4 O-O 13. O-O Nd7 14. b4 Kh8 15.
Qd2 e4 16. Bd4 Ne5 17. Bxe5 dxe5 18. Ba2 a5 19. b5 Bc5 20. Rad1 Qd6 21. Nc1 Qg6
22. Kh2 Bd6 23. Nb3 b6 24. Qe3 Rb8 25. Qg3 Qh5 26. Nd2 f5 27. Nc4 f4 28. Qc3 f3
0-1

[Event "OGD Prinsenstad-toernooi - A groep"]
[Site "Delft"]
[Date "2014.04.19"]
[Round "4.11"]
[White "Lecomte, Robin"]
[Black "Barendse, Ted"]
[Result "1-0"]
[WhiteElo "2042"]
[BlackElo "2151"]
[PlyCount "99"]
[EventDate "2014.04.18"]
[EventType "swiss"]
[EventRounds "6"]
[EventCountry "NED"]
[Source "DSC"]
[SourceDate "2014.04.23"]

1. e4 e6 2. d4 d5 3. Nd2 Nf6 4. e5 Nfd7 5. f4 c5 6. c3 Nc6 7. Ngf3 Qb6 8. Nb3
cxd4 9. cxd4 a5 10. a4 Bb4+ 11. Kf2 O-O 12. Be3 f6 13. Bd3 Kh8 14. Rf1 Be7 15.
Rc1 f5 16. h3 Nb4 17. Bb1 Qd8 18. g4 g6 19. Kg2 b6 20. gxf5 gxf5 21. Ng5 Bxg5
22. fxg5 Rg8 23. h4 Nf8 24. Kh3 Ba6 25. Rg1 Rc8 26. h5 Nd7 27. Rxc8 Qxc8 28.
Nc1 Qc4 29. Qd2 Qc6 30. Bf2 Qxa4 31. g6 Nc6 32. Qh6 Rg7 33. Qe3 Ne7 34. Bh4 Ng8
35. gxh7 Kxh7 36. Rxg7+ Kxg7 37. Qg5+ Kf7 38. Qg6+ Kf8 39. Qxe6 Qxd4 40. Qxf5+
Ke8 41. Qe6+ Kf8 42. Qd6+ Kg7 43. Qxd7+ Kf8 44. Qd6+ Kg7 45. Bf6+ Nxf6 46.
Qxf6+ Kg8 47. Qg5+ Kf8 48. Qf5+ Ke7 49. Qf6+ Kd7 50. e6+ 1-0

[Event "OGD Prinsenstad-toernooi - A groep"]
[Site "Delft"]
[Date "2014.04.19"]
[Round "4.12"]
[White "Tikranian, Alik"]
[Black "Boes, Robert"]
[Result "1-0"]
[WhiteElo "2025"]
[BlackElo "2010"]
[PlyCount "81"]
[EventDate "2014.04.18"]
[EventType "swiss"]
[EventRounds "6"]
[EventCountry "NED"]
[Source "DSC"]
[SourceDate "2014.04.23"]

1. Nf3 c6 2. c4 d5 3. b3 Bf5 4. g3 Nf6 5. Bg2 e6 6. Bb2 Be7 7. O-O h6 8. d3 O-O
9. Nbd2 Nbd7 10. Re1 Nc5 11. Qc2 Bh7 12. b4 Ncd7 13. c5 a5 14. a3 Qc7 15. e4
dxe4 16. dxe4 Rfc8 17. Nc4 axb4 18. axb4 b6 19. cxb6 Nxb6 20. Be5 Qd8 21. Rad1
Nbd5 22. Bxf6 Bxf6 23. Qb3 Bxe4 24. Rxe4 Rab8 25. Ne3 Qb6 26. Ne5 Qa7 27. Nxd5
cxd5 28. Ree1 Rc7 29. b5 Qa5 30. Bf1 Qb6 31. Qd3 Ra8 32. Ra1 Ra5 33. Rxa5 Qxa5
34. Qe2 Qb4 35. Ra1 Kh7 36. Ra8 Qd6 37. Ng4 Bc3 38. Ra6 Qb4 39. Ne5 Bd4 40. Nc6
Qc5 41. Qd3+ 1-0

[Event "OGD Prinsenstad-toernooi - A groep"]
[Site "Delft"]
[Date "2014.04.19"]
[Round "5.1"]
[White "Van den Doel, Erik"]
[Black "Danin, Alexandre"]
[Result "1-0"]
[WhiteElo "2560"]
[BlackElo "2595"]
[PlyCount "75"]
[EventDate "2014.04.18"]
[EventType "swiss"]
[EventRounds "6"]
[EventCountry "NED"]
[Source "DSC"]
[SourceDate "2014.04.23"]

1. e4 c6 2. d4 d5 3. e5 Bf5 4. h4 h6 5. g4 Bd7 6. h5 c5 7. c3 Nc6 8. Na3 Qa5 9.
dxc5 Qxc5 10. Be3 Qa5 11. f4 d4 12. Bxd4 O-O-O 13. Kf2 Nxd4 14. cxd4 Bc6 15.
Bg2 e6 16. Bxc6 Bxa3 17. bxa3 bxc6 18. Rh3 Ne7 19. Ne2 Kc7 20. Rb1 Rb8 21. Rhb3
Rb6 22. Qc2 g6 23. Nc3 Rhb8 24. hxg6 fxg6 25. Ne4 Qd5 26. Ke3 h5 27. Qc5 Rxb3+
28. Rxb3 Rxb3+ 29. axb3 Qxb3+ 30. Kf2 Nc8 31. Qa5+ Qb6 32. Qc3 Qb1 33. Nc5 Qa2+
34. Kg3 Ne7 35. Qa5+ Kc8 36. Qxa7 h4+ 37. Kxh4 Qd5 38. Qxe7 1-0

[Event "OGD Prinsenstad-toernooi - A groep"]
[Site "Delft"]
[Date "2014.04.19"]
[Round "5.2"]
[White "Khenkin, Igor"]
[Black "Sergeev, Vladimir"]
[Result "1-0"]
[WhiteElo "2574"]
[BlackElo "2457"]
[PlyCount "89"]
[EventDate "2014.04.18"]
[EventType "swiss"]
[EventRounds "6"]
[EventCountry "NED"]
[Source "DSC"]
[SourceDate "2014.04.23"]

1. d4 Nf6 2. c4 e6 3. Nf3 b6 4. g3 Bb4+ 5. Bd2 Bxd2+ 6. Qxd2 Ba6 7. b3 c6 8.
Nc3 d5 9. e4 Nxe4 10. Nxe4 dxe4 11. Ng5 Nd7 12. Bg2 Nf6 13. Nxe4 O-O 14. O-O
Nxe4 15. Bxe4 Qd6 16. Qe3 Rad8 17. Rfd1 Rfe8 18. Kg2 Bc8 19. h4 Bb7 20. Bf3 h6
21. c5 Qc7 22. a4 Rb8 23. Rac1 e5 24. dxe5 Rxe5 25. Rd7 Qxd7 26. Qxe5 Re8 27.
Rd1 Qe7 28. Qxe7 Rxe7 29. Rd8+ Kh7 30. cxb6 axb6 31. Rb8 g5 32. hxg5 hxg5 33.
g4 Kg7 34. b4 Rc7 35. b5 Kh7 36. Be4+ Kg7 37. Kf3 f6 38. Ke3 Kf7 39. f3 Ke7 40.
a5 bxa5 41. b6 Rd7 42. Bf5 Ba6 43. Bxd7 Kxd7 44. Ra8 Bb7 45. Rxa5 1-0

[Event "OGD Prinsenstad-toernooi - A groep"]
[Site "Delft"]
[Date "2014.04.19"]
[Round "5.3"]
[White "Admiraal, Miguoel"]
[Black "Ikonnikov, Vyacheslav"]
[Result "1-0"]
[WhiteElo "2309"]
[BlackElo "2570"]
[PlyCount "65"]
[EventDate "2014.04.18"]
[EventType "swiss"]
[EventRounds "6"]
[EventCountry "NED"]
[Source "DSC"]
[SourceDate "2014.04.23"]

1. c4 e5 2. g3 Nc6 3. Bg2 g6 4. Nc3 Bg7 5. e4 Nge7 6. Nge2 d6 7. d3 Be6 8. Nd5
h6 9. b4 a6 10. O-O O-O 11. Rb1 Rb8 12. Be3 Nd4 13. Nxd4 exd4 14. Bd2 Kh7 15.
a4 Ng8 16. b5 axb5 17. cxb5 c6 18. bxc6 bxc6 19. Nf4 Bd7 20. a5 Ne7 21. Qc2 g5
22. Rxb8 Qxb8 23. Rb1 Qc8 24. Ne2 c5 25. Rb6 Bc6 26. f4 g4 27. f5 Be5 28. Nf4
Qd7 29. Nh5 Ng8 30. Qd1 Ba4 31. Qxg4 Bc2 32. Bf4 Qe7 33. f6 1-0

[Event "OGD Prinsenstad-toernooi - A groep"]
[Site "Delft"]
[Date "2014.04.19"]
[Round "5.4"]
[White "Haslinger, Stewart"]
[Black "Haver, Daan"]
[Result "1-0"]
[WhiteElo "2544"]
[BlackElo "2125"]
[PlyCount "97"]
[EventDate "2014.04.18"]
[EventType "swiss"]
[EventRounds "6"]
[EventCountry "NED"]
[Source "DSC"]
[SourceDate "2014.04.23"]

1. e4 c5 2. Nf3 d6 3. Bb5+ Bd7 4. Bxd7+ Qxd7 5. O-O Nc6 6. c3 Nf6 7. Re1 g6 8.
d4 Bg7 9. Bg5 cxd4 10. cxd4 d5 11. Bxf6 Bxf6 12. Nc3 dxe4 13. Nxe4 Bg7 14. d5
Nb4 15. Qb3 Na6 16. Nc3 O-O 17. Ne5 Qd6 18. f4 Qb4 19. Qxb4 Nxb4 20. Rad1 Rac8
21. g3 Rfd8 22. Re2 a5 23. h4 h6 24. Kg2 Bf6 25. Red2 g5 26. Ng4 Bg7 27. hxg5
hxg5 28. fxg5 Bxc3 29. bxc3 Rxc3 30. Nh6+ Kg7 31. Nf5+ Kg6 32. Nxe7+ Kxg5 33.
Rf1 Rd7 34. Rxf7 Nc6 35. Rf5+ Kh6 36. Nxc6 bxc6 37. d6 a4 38. Rf8 Kg7 39. Rc8
Kf6 40. Rc7 Rd8 41. Rh7 Ke6 42. Rh6+ Kd7 43. Rh7+ Ke6 44. Rh6+ Kd7 45. Kh3 Rg8
46. Rh7+ Kd8 47. Rb2 Kc8 48. Rc7+ Kd8 49. Rb8# 1-0

[Event "OGD Prinsenstad-toernooi - A groep"]
[Site "Delft"]
[Date "2014.04.19"]
[Round "5.5"]
[White "Groffen, Hans"]
[Black "Reinderman, Dimitri"]
[Result "0-1"]
[WhiteElo "2165"]
[BlackElo "2590"]
[PlyCount "60"]
[EventDate "2014.04.18"]
[EventType "swiss"]
[EventRounds "6"]
[EventCountry "NED"]
[Source "DSC"]
[SourceDate "2014.04.23"]

1. d4 f5 2. g3 Nf6 3. Bg2 g6 4. Nf3 Bg7 5. O-O O-O 6. c4 d6 7. Nc3 e6 8. b3 Ne4
9. Bb2 Nxc3 10. Bxc3 Nc6 11. Qc2 e5 12. dxe5 dxe5 13. Rad1 Qe7 14. Qb2 a5 15.
e3 a4 16. Rd2 g5 17. Rfd1 g4 18. Ne1 e4 19. Bxg7 Qxg7 20. Bf1 Be6 21. Ng2 Qxb2
22. Rxb2 Rfd8 23. Rbd2 Rxd2 24. Rxd2 axb3 25. axb3 Ne5 26. Rd1 Nf3+ 27. Kh1 Ra2
28. Nf4 Rxf2 29. Bg2 Kf7 30. Bxf3 gxf3 0-1

[Event "OGD Prinsenstad-toernooi - A groep"]
[Site "Delft"]
[Date "2014.04.19"]
[Round "5.6"]
[White "Polak, Alexander"]
[Black "Slingerland, Fred"]
[Result "1-0"]
[WhiteElo "2004"]
[BlackElo "2331"]
[PlyCount "107"]
[EventDate "2014.04.18"]
[EventType "swiss"]
[EventRounds "6"]
[EventCountry "NED"]
[Source "DSC"]
[SourceDate "2014.04.23"]

1. e4 c5 2. Nf3 d6 3. d4 cxd4 4. Nxd4 Nf6 5. Nc3 Nc6 6. Bg5 e6 7. Qd2 a6 8.
O-O-O Bd7 9. f4 b5 10. Bxf6 gxf6 11. Kb1 Qb6 12. Nb3 h5 13. f5 O-O-O 14. Qe2
Kb7 15. g3 h4 16. fxe6 fxe6 17. Qf3 Be7 18. Bh3 hxg3 19. hxg3 Rh7 20. Ne2 a5
21. Nf4 a4 22. Nc1 Ne5 23. Qg2 f5 24. Nxe6 Rdh8 25. Bxf5 Rxh1 26. Rxh1 Rxh1 27.
Qxh1 a3 28. Nb3 axb2 29. Ned4 Qc7 30. Qe1 Ka6 31. Bxd7 Nxd7 32. Qb4 Qb6 33. a4
Bf6 34. axb5+ Ka7 35. Qa4+ Kb7 36. Qc4 Kb8 37. Nc6+ Kb7 38. Nbd4 Bxd4 39. Nxd4
Nc5 40. Qd5+ Kc7 41. Qc6+ Qxc6 42. bxc6 Nxe4 43. g4 d5 44. Kxb2 Kd6 45. c3 Kc7
46. Kb3 Kb6 47. Kb4 Kc7 48. Kb5 Nxc3+ 49. Kc5 Ne4+ 50. Kxd5 Nf6+ 51. Kc5 Nxg4
52. Nb5+ Kd8 53. Kd6 Nf6 54. c7+ 1-0

[Event "OGD Prinsenstad-toernooi - A groep"]
[Site "Delft"]
[Date "2014.04.19"]
[Round "5.7"]
[White "Gerlagh, Joris"]
[Black "Van der Zon, Stef"]
[Result "1/2-1/2"]
[WhiteElo "2145"]
[BlackElo "2167"]
[PlyCount "66"]
[EventDate "2014.04.18"]
[EventType "swiss"]
[EventRounds "6"]
[EventCountry "NED"]
[Source "DSC"]
[SourceDate "2014.04.23"]

1. e4 c5 2. Nf3 Nc6 3. d4 cxd4 4. Nxd4 Nf6 5. Nc3 e5 6. Ndb5 d6 7. Bg5 a6 8.
Na3 b5 9. Bxf6 gxf6 10. Nd5 f5 11. exf5 Bxf5 12. c3 Bg7 13. Nc2 O-O 14. Nce3
Be6 15. g3 f5 16. Bg2 Rb8 17. O-O Kh8 18. Nc2 Qd7 19. Ncb4 Nxb4 20. Nxb4 Rb6
21. Bd5 a5 22. Bxe6 Qxe6 23. Qd5 Qh6 24. Nc2 Qh5 25. Rad1 f4 26. Rd3 Qf5 27. f3
fxg3 28. hxg3 Qg6 29. g4 Bh6 30. Qe4 Qxe4 31. fxe4 Rg8 32. Rg3 Bf4 33. Rg2 Rb7
1/2-1/2

[Event "OGD Prinsenstad-toernooi - A groep"]
[Site "Delft"]
[Date "2014.04.19"]
[Round "5.8"]
[White "Warmerdam, Max"]
[Black "Van Oosterom, Chiel"]
[Result "0-1"]
[WhiteElo "2110"]
[BlackElo "2369"]
[PlyCount "72"]
[EventDate "2014.04.18"]
[EventType "swiss"]
[EventRounds "6"]
[EventCountry "NED"]
[Source "DSC"]
[SourceDate "2014.04.23"]

1. e4 c5 2. Nf3 Nc6 3. d4 cxd4 4. Nxd4 Nf6 5. Nc3 e5 6. Ndb5 d6 7. Bg5 a6 8.
Na3 b5 9. Bxf6 gxf6 10. Nd5 Bg7 11. c3 f5 12. exf5 Bxf5 13. Nc2 O-O 14. Nce3
Be6 15. Bd3 f5 16. O-O Ra7 17. a4 Ne7 18. Nxe7+ Rxe7 19. axb5 axb5 20. Bxf5
Rxf5 21. Nxf5 Bxf5 22. Qd5+ Be6 23. Qxb5 Rf7 24. Rfd1 Qf6 25. Qb6 Bf8 26. Ra8
Qf5 27. Qe3 Qc2 28. Qg5+ Rg7 29. Qd2 Qe4 30. Rxf8+ Kxf8 31. Qxd6+ Kf7 32. g3
Bh3 33. Qc7+ Kg6 34. Qd6+ Kh5 35. Qd5 Rd7 36. g4+ Qxg4+ 0-1

[Event "OGD Prinsenstad-toernooi - A groep"]
[Site "Delft"]
[Date "2014.04.19"]
[Round "5.9"]
[White "Vereggen, Lars"]
[Black "Legemaat, Gert"]
[Result "1-0"]
[WhiteElo "2265"]
[BlackElo "2173"]
[PlyCount "82"]
[EventDate "2014.04.18"]
[EventType "swiss"]
[EventRounds "6"]
[EventCountry "NED"]
[Source "DSC"]
[SourceDate "2014.04.23"]

1. d4 d5 2. c4 Nc6 3. Nc3 Nf6 4. Nf3 dxc4 5. e3 e5 6. d5 Ne7 7. Bxc4 Ng6 8. e4
Bd6 9. O-O O-O 10. Ne1 a6 11. a4 Ne8 12. Nc2 f5 13. exf5 Bxf5 14. Ne3 Bd7 15.
Ne4 Qh4 16. Bd3 Qe7 17. Nxd6 Nxd6 18. Bxg6 hxg6 19. Qc2 Bf5 20. Qc3 Rf7 21. b3
Re8 22. Ba3 Qg5 23. f3 Bc8 24. Rae1 b5 25. Bc1 Qh4 26. axb5 Nxb5 27. Qc6 Ref8
28. Qxg6 Nd4 29. Ba3 Rd8 30. Qd3 Bd7 31. Nc4 Bf5 32. Qd1 Rxd5 33. Nxe5 Rf6 34.
Be7 Bc2 35. Qc1 Rxe5 36. Rxe5 Bxb3 37. Bxf6 Qxf6 38. Re8+ Kf7 39. Rfe1 Ne6 40.
Rb8 Qd4+ 41. Kh1 c5 1-0